Fire Safety Reinsurance Facility (Record no. 121870)

MARC details
000 -LEADER
fixed length control field 01264nam a22001697a 4500
008 - FIXED-LENGTH DATA ELEMENTS--GENERAL INFORMATION
fixed length control field 190716t2024 xxk | ||z| 00| 0 eng d
110 ## - MAIN ENTRY--CORPORATE NAME
Corporate author Association of British Insurers
9 (RLIN) 3272
245 ## - TITLE STATEMENT
Title Fire Safety Reinsurance Facility
520 ## - ABSTRACT
Abstract McGill and Partners and the ABI have launched a Fire Safety Reinsurance Facility to help improve the availability of insurance for higher-risk residential buildings awaiting work to fix fire safety issues. The Facility is intended to be in place for between three and five years whilst remediation takes place. After that time, buildings should be safer, and the Facility would no longer be needed. Further information can be found on this website to help answer questions for leaseholders, for freeholders or property managing agents responsible for taking out the building insurance policy and for the wider insurance industry.
650 ## - KEYWORDS
Keywords CLADDING
650 ## - KEYWORDS
Keywords FIRE SAFETY
650 ## - KEYWORDS
Keywords HIGHER-RISK BUILDINGS
650 ## - KEYWORDS
Keywords INSURANCE
650 ## - KEYWORDS
Keywords RESIDENTIAL PROPERTY
710 ## - ADDED CORPORATE NAME
Added corporate author Association of British Insurers
9 (RLIN) 3272
856 ## - ONLINE RESOURCE
Uniform Resource Identifier https://www.abi.org.uk/products-and-issues/choosing-the-right-insurance/home-insurance/buildings-insurance/fire-safety-reinsurance-facility
Public note ABI Fire Safety reinsurance facility
Holdings
Withdrawn status Lost status Damaged status Not for loan Home library Current library Shelving location Date acquired Total Checkouts Date last seen Price effective from Koha item type
        Virtual Virtual Online 26/03/2024   26/03/2024 26/03/2024 Online material